Statistics for Which Nordic Country? Multiple Choice

Click here to take the quiz!

General Stats

  • This quiz has been taken 400 times
    (375 since last reset)
  • The average score is 11 of 20

Answer Stats

QuestionAnswer% Correct
Used to be a part of the Russian Empire till 1917Finland
93%
Invented LegoDenmark
87%
Produces most of Europe's oilNorway
82%
Its official language is NOT Indo-EuropeanFinland
72%
Hosted the Winter Olympics twiceNorway
68%
Its flag is the world's oldest flag still in use todayDenmark
61%
Is called "The Land of The Thousand Lakes"Finland
60%
Is the biggest one by areaSweden
59%
Got the second place in the FIFA World CupSweden
57%
Uses Euro as its official currencyFinland
56%
Wind power produces almost half of country's total electricityDenmark
48%
Has the world's oldest active parliamentIceland
46%
Owns the Åland IslandsFinland
43%
First to abolish censorshipSweden
40%
Has had a French kingSweden
40%
Finnmark is its northernmost mainland regionNorway
38%
Its language has two written standardsNorway
37%
Elected world's first female head of government democraticallyIceland
34%
Discovered America firstIceland
26%
Legalized pornography firstDenmark
24%

Score Distribution

Percentile by Number Answered

Percent of People with Each Score

Your Score History

You have not taken this quiz since the last reset